[Event "Montreal Pere Noel U1800"]
[Site "Montreal"]
[Date "2016.12.26"]
[Round "1.20"]
[White "Villeneuve, Benoit"]
[Black "Molloy, Francis"]
[Result "1-0"]
[WhiteElo "1791"]
[BlackElo "1536"]
[PlyCount "39"]
[EventDate "2016.12.26"]
[EventType "swiss"]
[EventRounds "5"]
[EventCountry "CAN"]
[SourceTitle "EXT 2022"]
[Source "ChessBase"]
[SourceDate "2021.10.06"]
[SourceVersion "1"]
[SourceVersionDate "2021.10.06"]
[SourceQuality "1"]

1. e4 c5 2. Nf3 d6 3. d4 cxd4 4. Nxd4 Nf6 5. Nc3 a6 6. Be2 e6 7. Bg5 Be7 8. 0-0 b5 9. Bf3 Bb7 10. e5 Nd5 11. Bxe7 Qxe7 12. Nxd5 Bxd5 13. Bxd5 exd5 14. Nf5 Qd7 15. Nxd6+ Kd8 16. Qxd5 Nc6 17. Nxf7+ Kc7 18. Qxd7+ Kxd7 19. Nxh8 Rxh8 20. Rad1+ 1-0

[Event "Quebec op U2000"]
[Site "Montreal"]
[Date "2016.07.26"]
[Round "5.13"]
[White "Villeneuve, Benoit"]
[Black "Levasseur, Sylvain"]
[Result "1-0"]
[WhiteElo "1795"]
[BlackElo "1629"]
[PlyCount "69"]
[EventDate "2016.07.23"]
[EventType "swiss"]
[EventRounds "8"]
[EventCountry "CAN"]
[SourceTitle "EXT 2022"]
[Source "ChessBase"]
[SourceDate "2021.10.06"]
[SourceVersion "1"]
[SourceVersionDate "2021.10.06"]
[SourceQuality "1"]

1. e4 e5 2. Nf3 Nc6 3. Bb5 a6 4. Ba4 Nf6 5. 0-0 Be7 6. Re1 b5 7. Bb3 0-0 8. d3 d6 9. c3 Na5 10. Bc2 c5 11. Nbd2 Nc6 12. Nf1 a5 13. Ng3 Ne8 14. d4 cxd4 15. cxd4 Bg4 16. Nf5 Bf6 17. Be3 exd4 18. N5xd4 Nxd4 19. Bxd4 Bxf3 20. gxf3 Be5 21. Bxe5 dxe5 22. Qxd8 Rxd8 23. Rad1 Nc7 24. a3 Ne6 25. Bb1 Nd4 26. Rd3 Rd6 27. Red1 Nxf3+ 28. Kg2 Nd4 29. Rc1 Rfd8 30. Rc5 f6 31. Ba2+ Kf8 32. Bd5 Ne6 33. Bxe6 Rxd3 34. Rxb5 R3d6 35. Bd5 1-0

[Event "Quebec op U2000"]
[Site "Montreal"]
[Date "2016.07.23"]
[Round "1.29"]
[White "Shah, Omaray M"]
[Black "Villeneuve, Benoit"]
[Result "1-0"]
[WhiteElo "1973"]
[BlackElo "1795"]
[PlyCount "71"]
[EventDate "2016.07.23"]
[EventType "swiss"]
[EventRounds "8"]
[EventCountry "CAN"]
[SourceTitle "EXT 2022"]
[Source "ChessBase"]
[SourceDate "2021.10.06"]
[SourceVersion "1"]
[SourceVersionDate "2021.10.06"]
[SourceQuality "1"]

1. e4 c5 2. Nf3 d6 3. d4 cxd4 4. Nxd4 Nf6 5. Nc3 a6 6. Be3 e5 7. Nb3 Be6 8. Be2 Nc6 9. 0-0 Be7 10. f4 0-0 11. f5 Bxb3 12. axb3 Nb4 13. Bc4 b5 14. Bd5 Nbxd5 15. Nxd5 Nxe4 16. Bb6 Qd7 17. Re1 Nf6 18. Rxe5 Nxd5 19. Rxd5 Qc6 20. Be3 Rfd8 21. c3 Bf6 22. Bf4 Qb6+ 23. Kh1 Qf2 24. Qd2 Qxd2 25. Bxd2 Be5 26. b4 f6 27. Be3 Kf7 28. Rad1 Rac8 29. Bb6 Rd7 30. Ra1 Rc6 31. Rxa6 Rb7 32. Rxb5 Ke8 33. Ra8+ Kd7 34. Ra7 Rxa7 35. Bxa7 Ra6 36. Ra5 1-0

[Event "Pere Noel op"]
[Site "Montreal"]
[Date "2015.12.29"]
[Round "4.10"]
[White "Villeneuve, Benoit"]
[Black "Landry, Sylvain"]
[Result "0-1"]
[WhiteElo "1742"]
[BlackElo "2059"]
[PlyCount "82"]
[EventDate "2015.12.26"]
[EventType "swiss"]
[EventRounds "5"]
[EventCountry "CAN"]
[SourceTitle "EXT 2019"]
[Source "ChessBase"]
[SourceDate "2018.10.10"]
[SourceVersion "1"]
[SourceVersionDate "2018.10.10"]
[SourceQuality "1"]

1. e4 c5 2. Nf3 d6 3. d4 cxd4 4. Nxd4 Nf6 5. Nc3 a6 6. Be2 e5 7. Nb3 Be7 8. 0-0 0-0 9. Be3 Be6 10. Bf3 Nbd7 11. Nd2 Rc8 12. Re1 b5 13. Be2 Nb6 14. f3 b4 15. Ncb1 d5 16. Bxa6 Ra8 17. Bb7 d4 18. Bxa8 dxe3 19. Bc6 Qc7 20. Nf1 Qxc6 21. Nxe3 Rd8 22. Qc1 Bc5 23. Kh1 Nh5 24. Nd2 Nf4 25. Ndf1 Nc4 26. Nxc4 Bxc4 27. Ng3 Bf2 28. Nf5 Re8 29. Rd1 g6 30. Nd6 Rd8 31. Nxc4 Rxd1+ 32. Qxd1 Qxc4 33. a3 Bd4 34. axb4 Bxb2 35. Ra8+ Kg7 36. g3 Ne6 37. Rb8 Nd4 38. f4 Nc6 39. Re8 Qxe4+ 40. Kg1 Bd4+ 41. Kf1 Qh1+ 0-1

[Event "Montreal Pere Noel op"]
[Site "Montreal"]
[Date "2014.12.27"]
[Round "2"]
[White "Gunapalan, David"]
[Black "Villeneuve, Benoit"]
[Result "1-0"]
[WhiteElo "1887"]
[BlackElo "1726"]
[PlyCount "57"]
[EventDate "2014.12.26"]
[EventType "swiss"]
[EventRounds "5"]
[EventCountry "CAN"]
[SourceTitle "EXT 2016"]
[Source "ChessBase"]
[SourceDate "2015.10.08"]
[SourceVersion "1"]
[SourceVersionDate "2015.10.08"]
[SourceQuality "1"]

1. e4 c5 2. Nc3 e6 3. Bc4 d6 4. f4 Nf6 5. d3 a6 6. a4 Nc6 7. Nf3 Be7 8. 0-0 0-0 9. Qe1 d5 10. Bb3 Nb4 11. e5 Ne8 12. a5 Bd7 13. Kh1 b5 14. axb6 Qxb6 15. Qd1 f5 16. exf6 Nxf6 17. Ne5 Be8 18. f5 Bd6 19. Ng4 Bd7 20. Nxf6+ Rxf6 21. Bg5 Rff8 22. Qe2 Rae8 23. fxe6 Bxe6 24. Rxf8+ Bxf8 25. Nxd5 Qb8 26. Ne7+ Bxe7 27. Qxe6+ Kh8 28. Bxe7 Qb7 29. Rf1 1-0

[Event "Canadian op U2000"]
[Site "Montreal"]
[Date "2014.07.20"]
[Round "2"]
[White "Villeneuve, Benoit"]
[Black "Shah, Omaray M"]
[Result "0-1"]
[WhiteElo "1999"]
[BlackElo "1814"]
[PlyCount "74"]
[EventDate "2014.07.19"]
[EventType "swiss"]
[EventRounds "9"]
[EventCountry "CAN"]
[SourceTitle "EXT 2022"]
[Source "ChessBase"]
[SourceDate "2021.10.06"]
[SourceVersion "1"]
[SourceVersionDate "2021.10.06"]
[SourceQuality "1"]

1. e4 c5 2. Nf3 d6 3. d4 cxd4 4. Nxd4 Nf6 5. Nc3 a6 6. Be2 e6 7. Be3 Be7 8. 0-0 0-0 9. f4 Qc7 10. Bf3 Nbd7 11. Nb3 Rb8 12. Ne2 b5 13. Ng3 Bb7 14. Rc1 Nb6 15. Nd2 Na4 16. Rb1 b4 17. Rf2 Bc6 18. Be2 Bb5 19. Bxb5 axb5 20. Nf3 Ng4 21. Re2 Nxe3 22. Rxe3 Qc5 23. Qd2 Rfc8 24. Ne1 Bd8 25. Kh1 Bb6 26. Nf1 Qc4 27. Rd3 Qxa2 28. Rc1 Nxb2 29. Rb3 Nc4 30. Qd1 Qa8 31. Rxb4 Qxe4 32. Nd3 Bc5 33. Nd2 Qd5 34. Rb3 Ne3 35. Qe2 Nf5 36. Nf3 Ng3+ 37. hxg3 Qh5+ 0-1

[Event "Quebec op U2000"]
[Site "Montreal"]
[Date "2013.07.21"]
[Round "1"]
[White "Villeneuve, Benoit"]
[Black "Brodie, Hugh"]
[Result "0-1"]
[WhiteElo "1758"]
[BlackElo "1913"]
[PlyCount "80"]
[EventDate "2013.07.21"]
[EventType "swiss"]
[EventRounds "9"]
[EventCountry "CAN"]
[SourceTitle "EXT 2022"]
[Source "ChessBase"]
[SourceDate "2021.10.06"]
[SourceVersion "1"]
[SourceVersionDate "2021.10.06"]
[SourceQuality "1"]

1. e4 c5 2. Nf3 Nc6 3. d4 cxd4 4. Nxd4 g6 5. Nc3 Bg7 6. Be3 Nf6 7. Be2 0-0 8. 0-0 d5 9. Nxc6 bxc6 10. exd5 cxd5 11. Bf3 e6 12. Re1 Qa5 13. Bd4 Ba6 14. a3 Qc7 15. Be5 Qb6 16. Na4 Qa5 17. Qd4 Ne8 18. Bxg7 Nxg7 19. Nc3 Qc7 20. Rac1 Rad8 21. Qf6 Ne8 22. Qh4 Kg7 23. Red1 f6 24. Qa4 Qb6 25. b3 Rf7 26. Rd4 Rc8 27. Na2 Bb5 28. Qb4 a5 29. Qd2 Rfc7 30. c3 Nd6 31. Re1 Nf5 32. Rf4 g5 33. Rxf5 exf5 34. Qxd5 Qc5 35. Qxc5 Rxc5 36. c4 Bc6 37. Bxc6 R8xc6 38. Nc3 Re5 39. Rd1 Rb6 40. Rb1 Rxb3 0-1

[Event "Quebec op U2000"]
[Site "Montreal"]
[Date "2012.07.26"]
[Round "7"]
[White "Robichaud, Nicolas"]
[Black "Villeneuve, Benoit"]
[Result "1/2-1/2"]
[WhiteElo "1145"]
[BlackElo "1740"]
[PlyCount "120"]
[EventDate "2012.07.21"]
[EventType "swiss"]
[EventRounds "9"]
[EventCountry "CAN"]
[SourceTitle "EXT 2022"]
[Source "ChessBase"]
[SourceDate "2021.10.06"]
[SourceVersion "1"]
[SourceVersionDate "2021.10.06"]
[SourceQuality "1"]

1. e4 c5 2. Nf3 Nc6 3. d4 cxd4 4. Nxd4 Nf6 5. Nc3 a6 6. Be2 e6 7. 0-0 Bb4 8. Nxc6 bxc6 9. Bd3 e5 10. Bg5 h6 11. Bh4 Be7 12. Kh1 g5 13. Bg3 d6 14. f3 Be6 15. Qe2 a5 16. Bc4 Qc8 17. Na4 Bxc4 18. Qxc4 Qb7 19. Nc3 Nh5 20. Nd1 Rc8 21. Be1 Bd8 22. Bc3 Bb6 23. Nf2 Nf4 24. Rad1 Ke7 25. b4 axb4 26. Qxb4 Qc7 27. Bxe5 c5 28. Bxd6+ Qxd6 29. Rxd6 cxb4 30. Rxb6 Rxc2 31. g3 Ne6 32. Nd3 Rxa2 33. Nxb4 Rd2 34. Nd5+ Kf8 35. Ne3 Kg7 36. Rb7 Kg6 37. Nc4 Ra2 38. Ne5+ Kf6 39. Nxf7 Rh7 40. Nd6 Rxb7 41. Nxb7 Ke5 42. Rc1 Rf2 43. Nc5 Rxf3 44. Nxe6 Kxe6 45. Rc6+ Ke5 46. Rxh6 Kxe4 47. Rh5 Rf5 48. Kg2 Ke5 49. Kh3 Kf6 50. Kg4 Rc5 51. h4 Rc4+ 52. Kh3 gxh4 53. Rxh4 Rc5 54. Kg4 Rg5+ 55. Kf3 Rc5 56. Re4 Kg5 57. Kf2 Rb5 58. Ke2 Rf5 59. Ke3 Ra5 60. Kf3 Rb5 1/2-1/2

[Event "Quebec op U2000"]
[Site "Montreal"]
[Date "2012.07.23"]
[Round "4"]
[White "Villeneuve, Benoit"]
[Black "Mathews, Theo"]
[Result "1-0"]
[WhiteElo "1740"]
[BlackElo "1677"]
[PlyCount "113"]
[EventDate "2012.07.21"]
[EventType "swiss"]
[EventRounds "9"]
[EventCountry "CAN"]
[SourceTitle "EXT 2022"]
[Source "ChessBase"]
[SourceDate "2021.10.06"]
[SourceVersion "1"]
[SourceVersionDate "2021.10.06"]
[SourceQuality "1"]

1. e4 e5 2. Nf3 Nf6 3. Nc3 Nc6 4. Bb5 d6 5. h3 Bd7 6. d3 a6 7. Ba4 b5 8. Bb3 Na5 9. 0-0 Nxb3 10. axb3 Be7 11. Re1 0-0 12. d4 exd4 13. Nxd4 c5 14. Nf3 Bc6 15. Bf4 b4 16. Nd5 Nxd5 17. exd5 Bb7 18. c4 Bf6 19. Qd2 Qd7 20. Bg5 Bxg5 21. Nxg5 h6 22. Ne4 f5 23. Ng3 Rae8 24. Rxe8 Rxe8 25. Re1 Rxe1+ 26. Qxe1 g6 27. Qe3 Kg7 28. Ne2 g5 29. f4 Kf6 30. Ng3 Bc8 31. Qf3 Qf7 32. fxg5+ hxg5 33. Ne4+ Ke7 34. Nxg5 Qf6 35. Qe2+ Qe5 36. Qxe5+ dxe5 37. Kf2 Bd7 38. Ke3 a5 39. h4 Kf6 40. g3 Kg6 41. Nf3 Kf6 42. Ne1 e4 43. g4 fxg4 44. Kxe4 a4 45. bxa4 Bxa4 46. Ng2 Bc2+ 47. Kf4 Bd3 48. Ne3 g3 49. Kxg3 Ke5 50. Kf3 Kd4 51. Kf4 Bxc4 52. Nxc4 Kxd5 53. Ne3+ Kd4 54. h5 c4 55. h6 c3 56. bxc3+ Kxc3 57. Nd5+ 1-0

[Event "Longueuil CC ch"]
[Site "Longueuil"]
[Date "2007.01.13"]
[Round "2"]
[White "Landry, Martin"]
[Black "Villeneuve, Benoit"]
[Result "1/2-1/2"]
[WhiteElo "1643"]
[BlackElo "1898"]
[PlyCount "113"]
[EventDate "2007.01.??"]
[EventType "swiss"]
[EventRounds "5"]
[EventCountry "CAN"]
[SourceTitle "EXT 2022"]
[Source "ChessBase"]
[SourceDate "2021.10.06"]
[SourceVersion "1"]
[SourceVersionDate "2021.10.06"]
[SourceQuality "1"]

1. d4 f5 2. c4 Nf6 3. Nc3 e6 4. Bg5 Be7 5. Nf3 0-0 6. g3 d6 7. Bg2 Nc6 8. 0-0 a6 9. a3 Qe8 10. Qc2 Qh5 11. h4 h6 12. Bxf6 Bxf6 13. Qd2 Ne7 14. e4 e5 15. dxe5 dxe5 16. Nd5 Nxd5 17. Qxd5+ Kh8 18. exf5 Qxf5 19. Qc5 Rf7 20. Rad1 Be6 21. Nh2 c6 22. Qe3 Bxc4 23. Be4 Qe6 24. Rfe1 Bd5 25. Qd3 Rd8 26. Bg6 Rff8 27. Bf5 Qf7 28. Bg6 Qc7 29. Qe2 Qb6 30. Ng4 Rd6 31. Bb1 Re6 32. Ne3 e4 33. Nxd5 cxd5 34. Rxd5 Bd4 35. Rf1 Bxb2 36. Rd7 Bd4 37. Kg2 Bc5 38. Qg4 Rg6 39. Qxe4 Qc6 40. Qxc6 Rxc6 41. a4 Rb6 42. f3 Rb2+ 43. Kh3 Kg8 44. Be4 b6 45. Ra7 a5 46. Rd1 Re8 47. h5 Rb4 48. Rdd7 Bd4 49. Bd5+ Kh8 50. Rf7 Rc8 51. Ra8 Rxa8 52. Bxa8 Bc5 53. Bc6 Kg8 54. Rd7 Kf8 55. Rb7 Rc4 56. Rf7+ Kxf7 57. Bd5+ 1/2-1/2

[Event "Quebec op U2000"]
[Site "Montreal"]
[Date "2001.07.26"]
[Round "7"]
[White "Nunez, Omar"]
[Black "Villeneuve, Benoit"]
[Result "1-0"]
[WhiteElo "1995"]
[BlackElo "1762"]
[PlyCount "51"]
[EventDate "2001.07.21"]
[EventType "swiss"]
[EventRounds "9"]
[EventCountry "CAN"]
[SourceTitle "EXT 2022"]
[Source "ChessBase"]
[SourceDate "2021.10.06"]
[SourceVersion "1"]
[SourceVersionDate "2021.10.06"]
[SourceQuality "1"]

1. d4 e6 2. Nf3 c5 3. e4 d5 4. exd5 exd5 5. Bb5+ Nc6 6. 0-0 Be6 7. Re1 Qb6 8. Nc3 0-0-0 9. Bxc6 Qxc6 10. Be3 c4 11. Ng5 Nf6 12. a3 Bd6 13. Qd2 h6 14. Nxe6 fxe6 15. Bf4 Bxf4 16. Qxf4 Rhf8 17. Qe5 Rde8 18. h3 Rf7 19. Re2 Nd7 20. Qh5 Ref8 21. Rae1 Rf6 22. Qg4 Qb6 23. Rxe6 Qxb2 24. Nxd5 Rxe6 25. Qxe6 Rd8 26. Qd6 1-0